| 000 | 00562nam a22001697a 4500 | ||
|---|---|---|---|
| 999 |
_c15279 _d15279 |
||
| 003 | OSt | ||
| 082 | _2631.587 AJA/DE | ||
| 088 | _aT 44 | ||
| 100 |
_aAJAYAMBIKA DEVI S. J _92909 |
||
| 245 | _aDesign fabrication and testing of a low cost greenhouse | ||
| 260 |
_aTavanur 1995 _bKelappaji College of Agriucltural Engineering and Technology |
||
| 300 | _a172 | ||
| 500 | _aDesign fabrication and testing of a low cost greenhouse | ||
| 520 | _aDesign fabrication and testing of a low cost greenhouse | ||
| 700 |
_aDr. A. N. Remadevi (Guide) _92819 |
||
| 942 | _cTH | ||